Informe de la sociedad económica de Madrid al Real y Supremo Consejo de Castilla : en el expediente de Ley Agraria /
Uloženo v:
| Hlavní autor: | |
|---|---|
| Médium: | Kniha |
| Jazyk: | španělština |
| Vydání: | Nueva ed. |
| Témata: | |
| Tagy: |
Žádné tagy, Buďte první, kdo vytvoří štítek k tomuto záznamu!
|
MARC
| LEADER | 00000nam^a2200000^a^4500 | ||
|---|---|---|---|
| 001 | 000383912 | ||
| 005 | 20250526000000.0 | ||
| 009 | 20260310120846.845 | ||
| 037 | |a Acervo Xavier Clavigero | ||
| 041 | |a ESP | ||
| 082 | |a 346. 4607 |b JOV | ||
| 100 | |a Jovellanos, Gaspar Melchor de |e (autor) | ||
| 245 | 1 | 0 | |a Informe de la sociedad económica de Madrid al Real y Supremo Consejo de Castilla : |b en el expediente de Ley Agraria / |c G.M. de Jovellanos. |
| 250 | |a Nueva ed. | ||
| 264 | |a Madrid, España : |b Imprenta de Sancha, |c 1820 | ||
| 300 | |a IV, 239 p. ; |c 21.0 cm. | ||
| 336 | |a texto |b txt |2 rdacontenido | ||
| 337 | |a sin mediación |b n |2 rdamedio | ||
| 338 | |a volumen |b nc |2 rdasoporte | ||
| 545 | 0 | |a Gaspar Melchor de Jovellanos (1744-1811). Escritor, jurista, y político español de la ilustración española. Estudia derecho canónico en Soria y posteriormente como becado en estudios eclesiásticos en la Universidad de Alcalá. Su desempeño como magistrado comienza en Sevilla en donde fue alcalde del crimen, juez y promotor de la Sociedad Patriótica Sevillana. En Madrid, por medio de influyentes conocidos forma parte de diversas comisiones en donde se le encomiendan trabajos de redacción, uno de sus más celebres escritos es la Ley Agraria, siendo director de la Sociedad Económica Matritense. La obra de Jovellanos aunque diversa y basta en temática, se focalizó en asuntos económicos, políticos, de agricultura y filosofía, a través de informes, memorias, cartas y discursos con las cuales pretendía mejorar la vida y la convivencia de las poblaciones en donde radicó. Sus escritos incluyen producción literaria en poesía y comedia, considerada como una de las mejores de la literatura preromántica de Europa, la obra literaria de Jovellanos refleja el sentimiento y amor por la naturaleza, las emociones y el estado de ánimo del hombre. | |
| 561 | |a Ex libris de Bibl. Domus. San Cayetano | ||
| 561 | |a Ex libris de Bibliotheca Coll. Max. Ysletensis S.J. | ||
| 562 | |a Falta cubierta | ||
| 649 | |a XX | ||
| 650 | |a Agricultura - |z España - |x Aspectos Jurídicos | ||
| 650 | |a Industria Agropecuaria - |z España - |x Aspectos Jurídicos | ||
| 650 | |a Economía - |z España | ||
| 650 | |a Derecho Agrario - |z España - |x Historia - |y Siglo XIX | ||
| 650 | |a Derecho Agrario - |z España - |x Leyes y Reglamentos - |x Tema Principal | ||
| 650 | |a Derecho Público - |z España | ||
| 650 | |a Derecho - |z España - |x Leyes y Reglamentos | ||
| 910 | |a Fondo General | ||
| 920 | |a Impresos - Libros | ||
| 930 | |a Libros Antiguos y Raros | ||
| 905 | |a 108 | ||
| 901 | |a 0500278240 |b IT2 |c LRA |u 20250526 | ||
| 902 | |a https://opac.biblio.iteso.mx/vufind/Record/000383912 | ||